000 00560nab a2200169Ia 4500
003 ES-SlBCS
005 20210601142712.0
008 140529s2011 xxu||||| |||| 00| 0 spa d
041 _aspa
100 1 _aRowe, Steven M.
_9275958
245 0 0 _aUna bocanada de aire fresco
_c Steven M. Rowe, J. P. Clancy, Eric J. Sorscher
650 0 4 _aMedicina
_914377
700 1 _aClancy, J. P
_9275959
700 1 _aSorscher, Eric J.
_9275960
773 0 _tInvestigacion y Ciencia (Traducción de: Scientific American)
_gnº. 421, 2011, págs. 72-77
_wRev1650
942 _cAR
999 _c680774
_d680774